Normal view
MARC view
- McLuhan, Marshall,
Entry Nombre Personal
001 - NUMERO DE CONTROL
- campo de control: 13531
003 - IDENTIFICADOR DE NUMERO DE CONTROL
- campo de control: MX-MxUPN
005 - FECHA Y HORA DE LA ÜLTIMA TRANSACCIÓN
- campo de control: 20230918104834.0
008 - DATOS DE LONGITUD FIJA
- campo de control de longitud fija: 230918n||acnnnbabn | ana |d
035 ## - NUMERO DE CONTROL
- Número de control: UPN10000013539
040 ## - FUENTE DE CATALOGACIÓN
- Agencia original de catalogación: MX-MxUPN
- Lenguaje de catalogación: spa
- Agencia de transcripción: MX-MxUPN
100 1# - ENCABEZAMIENTO - NOMBRE PERSONAL
- Nombre personal: McLuhan, Marshall,
- Fechas asociadas con el nombre: 1911-1980
- Subdivisión temática general : Crítica e interpretación
670 ## - FUENTE EN LA QUE SE LOCALIZARON DATOS
- Cita de la fuente: T/P
- Uniform Resource Identifier: http://es.wikipedia.org/wiki/Marshall_McLuhan
902 ## - CATALOGADOR
- Catalogador: CAA/250909
